|
|
|
|
| LEADER |
00000nam0a2200000 4500 |
| 001 |
354158 |
| 005 |
20231102010649.0 |
| 035 |
|
|
|a (RuTPU)RU\TPU\retro\11416
|
| 090 |
|
|
|a 354158
|
| 100 |
|
|
|a 20200617d1972 m y0rusy50 ca
|
| 101 |
1 |
|
|a eng
|c rus
|
| 102 |
|
|
|a RU
|
| 105 |
|
|
|a a j 001zy
|
| 200 |
1 |
|
|a Заточка режущего инструмента
|d Sharpening of cutting tools
|f С. А. Попов, Л. Г. Дибнер, А. С. Каменкович
|
| 210 |
|
|
|a Москва
|c Мир
|d 1972
|
| 215 |
|
|
|a 400 с.
|c ил.
|
| 300 |
|
|
|a На английском языке
|
| 320 |
|
|
|a Указ.: с. 392-399
|
| 510 |
1 |
|
|a Sharpening of cutting tools
|z eng
|
| 606 |
1 |
|
|a Режущие инструменты
|x Заточка и доводка
|2 stltpush
|3 (RuTPU)RU\TPU\subj\24365
|9 48722
|
| 610 |
1 |
|
|a учебные пособия
|
| 610 |
1 |
|
|a алмазно-абразивные инструменты
|
| 610 |
1 |
|
|a резание
|
| 610 |
1 |
|
|a металлы
|
| 610 |
1 |
|
|a техника безопасности
|
| 610 |
1 |
|
|a организация производства
|
| 610 |
1 |
|
|a экономика производства
|
| 675 |
|
|
|a 621.9.02.002:621.923(07)
|v 4
|
| 700 |
|
1 |
|a Попов
|b С. А.
|g Сергей Александрович
|
| 701 |
|
1 |
|a Дибнер
|b Л. Г.
|g Леонид Григорьевич
|
| 701 |
|
1 |
|a Каменкович
|b А. С.
|g Анатолий Самойлович
|
| 801 |
|
1 |
|a RU
|b 63413507
|c 20200617
|
| 801 |
|
2 |
|a RU
|b 63413507
|c 20201214
|g RCR
|
| 942 |
|
|
|c BK
|